Пръстът на съдбата (Запис номер 172590)
[ съкратено ]
| 000 -Лидер | |
|---|---|
| Контролно поле с фиксирана дължина | nam a22 a 4500 |
| 003 - Код на организацията, давaща контролен номер | |
| Контролно поле | BLK |
| 005 - Дата и час на последна редакция | |
| Контролно поле | 20230506024440.0 |
| 008 - Елементи от данни с фиксирана дължина | |
| fixed length control field | 180411b bul|||||r ||||||| ||bul|| |
| 010 ## - Наследен системен номер | |
| LC control number | KNG00180929000 |
| 020 ## - Международен стандартен номер на книга ISBN | |
| Международен стандартен номер на книга ISBN | 954-8350-02-5 |
| 040 ## - Източник на каталожния запис | |
| Идентификатор на билиотеката - собственик на записа | BLK |
| 041 ## - Код за език | |
| Код за езика на текст/звукозапис или на отделно заглавие | Български |
| Код за езика КДБФ | Български |
| 080 ## - УДК | |
| Текстов определител УДК | Английска литература |
| УДК код - определител по УДК | 821.111 |
| УДК определител | -93-31 |
| УДК - код + определител | 821.111-93-31 |
| 100 1# - Редна дума - Автор | |
| Автор | Рид, Томас Майн |
| Дати, свързани с автора | 1818-1883 |
| Авторска отговорност | първи автор |
| R(LIN) | 365222 |
| 139 ## - Редно поле | |
| Редна дума | Рид, Томас Майн |
| Авторски знак | Рид - Р 59 |
| 245 10 - Сведения за заглавието | |
| Заглавие | Пръстът на съдбата |
| Подзаглавни данни | Роман за юноши |
| Редно поле (дума) | Томас Майн Рид; прев. от нем. Георги Чакъров. |
| 257 ## - Страна на издаване | |
| Страна на създаване/издаване | България |
| 260 ## - Област на издателските данни | |
| Място на издаване, разпространение и проч. | София |
| Име на издателя, разпространителя и проч. | Марина |
| Година на издаване | 1993 |
| Издателство - префикс ISBN | 954-8350-02-5 |
| 300 ## - Физическа характеристика | |
| Страници | 240 с. |
| Размери/Мащаб | 20 см |
| 380 ## - Жанр | |
| Жанр | Детска худож. лит. |
| 500 ## - Общи забележки | |
| Забележка | Прев. от нем. изд.- Ориг. загл. на англ. ез.- 1. изд. 1947 на изд. Слънце.- Офс. изд.- 6 000 тир. |
| 700 1# - Други автори (авторска отговорност) | |
| Лично име | Чакъров, Георги |
| Автороска отговорност (Описва отношението между автора и произведението) | прев. от нем. |
| 9 (RLIN) | 382928 |
| 852 ## - Местоположение | |
| Форматна сигнатура | Цб 171789 |
| Фондова буква | Хранилище |
| 856 4# - Електронен адрес и достъп | |
| Електронен формат | pdf - файл |
| Инструкция (цена за достъп) | 0.00 |
| Права за достъп | disable |
| 856 4# - Електронен адрес и достъп | |
| Електронен формат | pdf - файл |
| Инструкция (цена за достъп) | 0.00 |
| Права за достъп | disable |
| 999 ## - СИСТЕМНИ КОНТРОЛНИ НОМЕРА | |
| Koha biblionumber | 172590 |
| Koha biblioitemnumber | 172590 |
| 942 ## - АРТИКУЛИ | |
| Вид на библиотечния материал | Книги |
| Скрит в OPAC | Не |
| Периодичен библиозапис | Да |
| 944 ## - СЪЗДАВАНЕ И РЕДАКЦИЯ на ЗАПИСА | |
| Създаване/Редакция | Създаване |
| Дата на регистрацията/редакция | 03.09.2015 |
| Служител, извършил регистрацията/редакцията | Правда_Бадева |
| 944 ## - СЪЗДАВАНЕ И РЕДАКЦИЯ на ЗАПИСА | |
| Създаване/Редакция | Редакция |
| Дата на регистрацията/редакция | 03.09.2015 |
| Служител, извършил регистрацията/редакцията | Правда_Бадева |
| 999 ## - СИСТЕМНИ КОНТРОЛНИ НОМЕРА | |
| Koha biblioitemnumber | 172590 |
| Код за отписване | Код за изгубен артикул | Източник на класификационната схема | Код за повреда | Коз за рестрикции | Код за отдаване | Артикулен № | Име на библиотеката - собственик | Име на библиотеката, в която се намира в момента | Статус (Текущо местоположение) | Дата на вписване в системата | Местоположение - отдел | Цена в лева | Инвентарен номер | Систематично азбучна сигнатура | Баркод | Номер на екземпляра | Цена в евро | Служебна бележка | Служебен тип на артикула | Бележка за публиката |
|---|---|---|---|---|---|---|---|---|---|---|---|---|---|---|---|---|---|---|---|---|
| Не е изгубен | Universal Decimal Classification | Не е повреден | без рестрикции | ползва се в читалня | 294144 | Регионална библиотека "Любен Каравелов" Русе | Регионална библиотека "Любен Каравелов" Русе | Хранилище | 1993-01-01 | Хранилище | 0.70 | 580719 | Цб 171789 | 120000580719 | 1 | 0.36 | N: стар фонд Дата: 01.01.1993 | Книги | ||
| Изтеглен | Не е изгубен | Не е повреден | без рестрикции | заемане за дома | 294145 | Регионална библиотека "Любен Каравелов" Русе | Регионална библиотека "Любен Каравелов" Русе | 1993-01-01 | Детски отдел | 2.00 | 579326 | Д 820/899/Р 59 | 579326 | 2 | 1.02 | N: стар фонд Дата: 01.01.1993 Дата инв: 14.09.2015 Бележки инв: Д2015 | Книги | Отч.N: 47/2017 , Дата: 05.10.2017 | ||
| Изтеглен | Не е изгубен | Universal Decimal Classification | Не е повреден | без рестрикции | заемане за дома | 294146 | Регионална библиотека "Любен Каравелов" Русе | Регионална библиотека "Любен Каравелов" Русе | Детски отдел | 1993-01-01 | Детски отдел | 1.40 | 579327 | ДХ 820/899/Р 59 | 579327 | 3 | 0.72 | N: стар фонд Дата: 01.01.1993 Дата инв: 14.09.2015 Бележки инв: Д2015 | Книги | |
| Изтеглен | Не е изгубен | Не е повреден | без рестрикции | заемане за дома | 294147 | Регионална библиотека "Любен Каравелов" Русе | Регионална библиотека "Любен Каравелов" Русе | 1993-01-01 | Детски отдел | 2.00 | 579329 | Д 820/899/Р 59 | 579329 | 4 | 1.02 | N: стар фонд Дата: 01.01.1993 Дата инв: 14.09.2015 Бележки инв: Д2015 | Книги | Отч.N: 47/2017 , Дата: 05.10.2017 | ||
| Изтеглен | Не е изгубен | Не е повреден | без рестрикции | заемане за дома | 294148 | Регионална библиотека "Любен Каравелов" Русе | Регионална библиотека "Любен Каравелов" Русе | 1993-01-01 | Детски отдел | 2.00 | 579330 | Д 820/899/Р 59 | 579330 | 5 | 1.02 | N: стар фонд Дата: 01.01.1993 Дата инв: 14.09.2015 Бележки инв: Д2015 | Книги | Отч.N: 47/2017 , Дата: 05.10.2017 |